Visualizzazione normale
Vista MARC
- Rohmer Eric
di Personal Name
Records bibliografici associati: 1
001 - CONTROL NUMBER
- control field: 49415
003 - CONTROL NUMBER IDENTIFIER
- control field: IT-RoPau
005 - DATE AND TIME OF LATEST TRANSACTION
- control field: 20151202090159.0
008 - FIXED-LENGTH DATA ELEMENTS
- fixed length control field: 151202|| aca||aabn | a|a d
040 ## - CATALOGING SOURCE
- Original cataloging agency: IT-RoPau
- Transcribing agency: IT-RoPau
100 ## - HEADING--PERSONAL NAME
- Personal name: Rohmer Eric
- Relator term: (regista)
- Miscellaneous information: Codice regista SPICS: 1948
670 ## - SOURCE DATA FOUND
- Source citation: Work cat.: (IT-RoPau)106915: Rohmer Eric Codice regista SPICS: 1948 49412, RACCONTI MORALI 4 RACCONTI MORALI 4 (Rif. Codice opera principale : 29170)